000
00332nam a22001337a 4500
008
210301b ||||| |||| 00| 0 eng d
020
_a
067542186
041
_a
eng
080
_a
37
100
_a
25
101
_a
EDU
245
_a
Merrill 4 Spelling for Worf Mastery-Teacher Edition
_c
Merrill Publishibg Company
942
_2
udc
_c
BK
999
_c
55318
_d
55318